000 00330nam a22001451a 4500
082 _aH3
_bAJN/A
100 _aAjneya
245 _aApne apne ajnabi/
_cby Ajneya
260 _aNew Delhi:
_bBharatiya Jnanpith,
_c1998.
300 _a88p.
650 _aNovel Hindi
650 _aLiterature Hindi
650 _aLiterature
942 _cBK
999 _c2611
_d2611